MARC

Tag First Indicator Second Indicator Subfields
LEADER 00000cam a2200000Ia 4500
001 in00002781935
006 m d
007 cr cnu---unuuu
008 120531s2012 dcuk ob i001 0 eng d
005 20250816213453.7
019 |a 794489182 
020 |z 9781616352028 
020 |z 1616352027 
020 |a 9781463991524 (electronic bk.) 
020 |a 1463991525 (electronic bk.) 
035 |a (OCoLC)ocn794189593 
035 |a (NhCcYBP)ebr10547375 
035 |a (OCoLC)794189593  |z (OCoLC)794489182 
040 |a N$T  |c N$T  |d E7B  |d CDX  |d YDXCP  |d LRU  |d TXA  |d UtOrBLW 
043 |a a-io--- 
049 |a TXAM 
050 4 |a HC447  |b .I53 2012eb 
072 7 |a BUS  |x 020000  |2 bisacsh 
072 7 |a BUS  |x 068000  |2 bisacsh 
072 7 |a BUS  |x 092000  |2 bisacsh 
072 7 |a BUS  |x 079000  |2 bisacsh 
072 7 |a BUS  |x 062000  |2 bisacsh 
072 7 |a POL  |x 024000  |2 bisacsh 
082 0 4 |a 338.9598  |2 23 
245 0 0 |a Indonesia :  |b sustaining growth during global volatility /  |c editor, Thomas Rumbaugh. 
264 1 |a [Washington, D.C.] :  |b International Monetary Fund,  |c [2012] 
264 4 |c ©2012 
300 |a 1 online resource (xv, 125 pages) :  |b illustrations 
336 |a text  |b txt  |2 rdacontent 
337 |a computer  |b c  |2 rdamedia 
338 |a online resource  |b cr  |2 rdacarrier 
500 |a Description based on print version record. 
504 |a Includes bibliographical references and index. 
505 0 |a Explaining higher inflation in Indonesia : a regional comparison / Geremia Palomba -- Inflation uncertainty and the term premium / Laura Lipscomb and Uma Ramakrishnan -- Maintaining fiscal sustainability under uncertainty / Nina Budina -- Volatility in external demand : Indonesia's commodity boom and overall competitiveness / Gustavo Adler -- Adequacy of Indonesia's foreign exchange reserves / Marta Ruiz-Arranz and Milan Zavadjil -- Corporate governance and leverage trends / R. Armando Morales, Edo Mahendra, and Wiwit Widyastuti -- Assessing corporate sector vulnerabilities / Marta Ruiz-Arranz -- Enhancing financial stability / Xiangming Li. 
500 |a "This volume is a compilation of selected papers and presentations from IMF Article IV consultations with Indonesia during 2008-10"--P. xiii. 
588 |a Description based on print version record. 
500 |a Electronic resource. 
651 0 |a Indonesia  |x Economic policy. 
650 0 |a Inflation (Finance)  |z Indonesia. 
650 0 |a Monetary policy  |z Indonesia. 
650 0 |a Fiscal policy  |z Indonesia. 
650 0 |a Debts, Public  |z Indonesia. 
650 0 |a Foreign exchange reserves  |z Indonesia. 
650 0 |a Corporate governance  |z Indonesia. 
650 0 |a Corporations  |z Indonesia. 
650 7 |a BUSINESS & ECONOMICS / Development / Business Development.  |2 bisacsh 
650 7 |a BUSINESS & ECONOMICS / Development / Economic Development.  |2 bisacsh 
650 7 |a BUSINESS & ECONOMICS / Development / General.  |2 bisacsh 
650 7 |a BUSINESS & ECONOMICS / Government & Business.  |2 bisacsh 
650 7 |a BUSINESS & ECONOMICS / Structural Adjustment.  |2 bisacsh 
650 7 |a POLITICAL SCIENCE / Public Policy / Economic Policy.  |2 bisacsh 
655 4 |a Electronic books. 
655 7 |a Electronic books.  |2 local 
700 1 |a Rumbaugh, Thomas. 
710 2 |a ebrary, Inc. 
710 2 |a International Monetary Fund. 
776 0 8 |i Print version:  |t Indonesia.  |d [Washington, D.C.] : International Monetary Fund, c2012  |z 9781616352028  |w (OCoLC)773666974 
856 4 0 |u https://ebookcentral.proquest.com/lib/tamucs/detail.action?docID=1606404  |y Connect to the full text of this electronic book  |t 0 
948 |a cataloged  |b h  |c 2012/10/1  |d c  |e agaffey  |f 2:44:05 pm 
994 |a C0  |b TXA 
999 f f |s 702efa18-87b2-3571-bff1-a0b056a9bc1d  |i 19587783-6597-3948-b4b8-d4ac1c404ae5  |t 0 
999 |a MARS 
952 f f |a Texas A&M University  |b College Station  |c Electronic Resources  |d Available Online  |t 0  |e HC447 .I53 2012eb  |h Library of Congress classification 
998 f f |a HC447 .I53 2012eb  |t 0  |l Available Online